[Event "Kreis-Mitte-EM"]
[Site "Zirndorf"]
[Date "2014.01.06"]
[Round "6.14"]
[White "Stohl, Peter"]
[Black "Gottlieb, Michael"]
[Result "1/2-1/2"]
[WhiteElo "1622"]
[BlackElo "1505"]
[PlyCount "82"]
[EventDate "2014.??.??"]
[WhiteTeam "SK Schwabach 1907"]
[BlackTeam "SC Postbauer-Heng"]

1. f4 e5 2. fxe5 d6 3. e4 dxe5 4. Nf3 Bg4 5. Be2 Bd6 6. d3 Nc6 7. Be3 Nf6 8.
Ng5 Bxe2 9. Qxe2 h6 10. Nf3 Qd7 11. a3 Ng4 12. Nc3 Nxe3 13. Qxe3 Nd4 14. Kd2
Nxf3+ 15. Qxf3 Be7 16. Qf5 Qxf5 17. exf5 Bg5+ 18. Ke2 c6 19. Ne4 Bd8 20. b3 Bc7
21. Rhf1 Rd8 22. g3 h5 23. Nc5 Rd5 24. Ne4 Kd8 25. Ng5 Rd7 26. Kd2 Bb6 27. Rae1
Bc7 28. Re4 a6 29. a4 Bb8 30. Rfe1 Bc7 31. b4 Kc8 32. Rc4 Kd8 33. Ne4 Bb8 34.
Nc5 Re7 35. Rc3 Bd6 36. Nxa6 bxa6 37. Rxc6 Bxb4+ 38. c3 Kd7 39. Rxa6 Bd6 40.
Rb1 Bc7 41. Rb4 Rc8 1/2-1/2

[Event "Kreis-Mitte-EM"]
[Site "Zirndorf"]
[Date "2014.01.06"]
[Round "6.15"]
[White "Nagel, Felix"]
[Black "Denninger, David"]
[Result "0-1"]
[WhiteElo "1585"]
[BlackElo "1521"]
[PlyCount "64"]
[EventDate "2014.??.??"]
[WhiteTeam "SC Anderssen Nbg."]
[BlackTeam "TSV Cadolzburg"]

1. e4 d6 2. d4 Nf6 3. Nc3 g6 4. Bc4 Bg7 5. f4 O-O 6. Be3 Ng4 7. Qd2 c5 8. d5 a6
9. a4 Qa5 10. h3 Nxe3 11. Qxe3 Qb4 12. Nge2 Qxc4 13. a5 Bxc3+ 14. Nxc3 Qd4 15.
Qf3 f5 16. e5 dxe5 17. Ra4 e4 18. Qe2 Qf6 19. Qf2 Nd7 20. Rc4 b5 21. axb6 Qxb6
22. Na4 Qb5 23. b3 Qa5+ 24. Ke2 Bb7 25. Nxc5 Nxc5 26. Rxc5 Qa2 27. Qd4 Rac8 28.
d6 Rxc5 29. Qxc5 exd6 30. Qc4+ d5 31. Qc3 Rc8 32. Ra1 Qxc2+ 0-1

[Event "Kreis-Mitte-EM"]
[Site "Zirndorf"]
[Date "2014.01.06"]
[Round "6.16"]
[White "Ratscheu, Stefan"]
[Black "Gesellchen, Bernhard"]
[Result "1/2-1/2"]
[WhiteElo "1552"]
[BlackElo "1474"]
[PlyCount "24"]
[EventDate "2014.??.??"]
[WhiteTeam "SC Postbauer-Heng"]
[BlackTeam "SC Postbauer-Heng"]

1. e4 e5 2. Nf3 Nc6 3. Nc3 Nf6 4. a3 Be7 5. Be2 d6 6. O-O O-O 7. h3 Bd7 8. d4
exd4 9. Nxd4 a6 10. Bf4 h6 11. Qd2 Nxd4 12. Qxd4 Re8 1/2-1/2

[Event "Kreis-Mitte-EM"]
[Site "Zirndorf"]
[Date "2014.01.06"]
[Round "6.17"]
[White "Albayrak, Aylin"]
[Black "Dreiseitel, Werner"]
[Result "1-0"]
[WhiteElo "1467"]
[BlackElo "1512"]
[PlyCount "77"]
[EventDate "2014.??.??"]
[WhiteTeam "Zabo-Eintracht Nbg."]
[BlackTeam "SC N-T Nürnberg"]

1. d4 d5 2. c4 c6 3. Nc3 Nf6 4. Nf3 e6 5. Bg5 Nbd7 6. e4 dxe4 7. Nxe4 Be7 8.
Bxf6 Nxf6 9. Qc2 Nxe4 10. Qxe4 Qa5+ 11. Nd2 Bd7 12. a3 Rd8 13. Rc1 Bf6 14. Rc3
c5 15. Nb3 Qc7 16. Rg3 cxd4 17. Bd3 Bc6 18. Qe2 Qe5 19. O-O Qxe2 20. Bxe2 O-O
21. Bd3 h6 22. Nd2 Rfe8 23. b4 a6 24. f3 e5 25. Ne4 Be7 26. f4 Bxe4 27. Bxe4
exf4 28. Rd3 Rd7 29. Bd5 Bf6 30. Rxf4 Re1+ 31. Kf2 Rde7 32. Rff3 R1e2+ 33. Kg3
Be5+ 34. Kh3 Bf6 35. b5 axb5 36. cxb5 R7e5 37. Rxd4 Rh5+ 38. Kg4 Rg5+ 39. Kf4
1-0

[Event "Kreis-Mitte-EM"]
[Site "Zirndorf"]
[Date "2014.01.06"]
[Round "6.18"]
[White "Held, Werner"]
[Black "Stohl, Tristan"]
[Result "1-0"]
[WhiteElo "1269"]
[BlackElo "1375"]
[PlyCount "99"]
[EventDate "2014.??.??"]
[WhiteTeam "Zabo-Eintracht Nbg."]
[BlackTeam "SK Schwabach 1907"]

1. d4 f5 2. c4 e6 3. Nc3 Nf6 4. b3 Bb4 5. Bd2 O-O 6. e3 Nc6 7. Bd3 b6 8. Nf3
Bb7 9. a3 Bd6 10. h3 Ne7 11. b4 Ng6 12. Qc2 Qe7 13. c5 bxc5 14. bxc5 Bxc5 15.
dxc5 Qxc5 16. Qa2 Nd5 17. Rc1 Qd6 18. Na4 Ne5 19. Nxe5 Qxe5 20. Nc5 Bc6 21. a4
Rad8 22. Qa1 Qxa1 23. Rxa1 Rf6 24. f3 d6 25. Nb3 Kh8 26. e4 Ne7 27. Bb5 fxe4
28. Bxc6 Nxc6 29. Bg5 exf3 30. Bxf6 f2+ 31. Kxf2 Rf8 32. Rac1 Ne5 33. Rxc7
Rxf6+ 34. Ke2 h6 35. Rxa7 Ng6 36. Rf1 Nf4+ 37. Kd2 e5 38. g3 g5 39. gxf4 gxf4
40. Rc1 Rf8 41. Ke2 f3+ 42. Kf2 e4 43. Re7 d5 44. Nd4 Rg8 45. Rg1 Rb8 46. Nf5
Rb2+ 47. Ke3 Re2+ 48. Kd4 f2 49. Re8+ Kh7 50. Rg7# 1-0

[Event "Kreis-Mitte-EM"]
[Site "Zirndorf"]
[Date "2014.01.06"]
[Round "6.19"]
[White "Dreiseitel, Ursula"]
[Black "Chowdhury, Sandip"]
[Result "0-1"]
[WhiteElo "1406"]
[BlackElo "1250"]
[PlyCount "66"]
[EventDate "2014.??.??"]
[WhiteTeam "SC N-T Nürnberg"]
[BlackTeam "SC N-T Nürnberg"]

1. d4 Nf6 2. Nf3 g6 3. Bf4 Bg7 4. h3 Nc6 5. c3 d5 6. e3 Ne4 7. Bd3 f5 8. h4 h6
9. Nbd2 O-O 10. Qc2 Rb8 11. O-O-O b5 12. a3 Nxf2 13. Rdf1 Nxh1 14. Rxh1 a5 15.
Ne5 Nxe5 16. Bxe5 Bxe5 17. dxe5 b4 18. axb4 axb4 19. c4 c6 20. cxd5 cxd5 21.
Qc6 Rb6 22. Qc5 Be6 23. Kb1 Rb8 24. Rc1 Rc8 25. Qxb4 Rxc1+ 26. Kxc1 Qc7+ 27.
Qc3 Qa7 28. Qd4 Rc8+ 29. Kb1 Qa5 30. Be2 Ra8 31. Bf3 Qa1+ 32. Kc2 Rc8+ 33. Kd3
Qa6+ 0-1

[Event "Kreis-Mitte-EM"]
[Site "Zirndorf"]
[Date "2014.01.06"]
[Round "7.2"]
[White "Brenner, Christian"]
[Black "Haubold, Martin"]
[Result "0-1"]
[WhiteElo "1969"]
[BlackElo "1996"]
[PlyCount "86"]
[EventDate "2014.??.??"]
[WhiteTeam "Zabo-Eintracht Nbg."]
[BlackTeam "SC N-T Nürnberg"]

1. e4 c6 2. Nf3 d5 3. Nc3 Nf6 4. e5 Ne4 5. d4 Nxc3 6. bxc3 Bg4 7. Bd3 e6 8. O-O
Nd7 9. a4 Be7 10. Re1 a6 11. Qe2 c5 12. Qd1 Qc7 13. h3 Bh5 14. Be2 cxd4 15.
cxd4 Rc8 16. Bd2 Bg6 17. c3 Nb6 18. Qb3 Nc4 19. Bxc4 dxc4 20. Qb2 h6 21. Re3
Qc6 22. Ne1 Bg5 23. Rg3 Bxd2 24. Qxd2 O-O 25. Nf3 Kh7 26. Nh4 Bd3 27. Nf3 b5
28. axb5 axb5 29. Qf4 Qe4 30. Qd2 Ra8 31. Re1 Qd5 32. Qf4 Ra7 33. Nh2 Qa8 34.
Ng4 Bg6 35. Kh2 Ra1 36. Rxa1 Qxa1 37. Qd2 Rd8 38. Ne3 Bd3 39. Nc2 Qb2 40. Rxd3
cxd3 41. Qxd3+ Kg8 42. Nb4 Qxf2 43. Qxb5 Qf4+ 0-1

[Event "Kreis-Mitte-EM"]
[Site "Zirndorf"]
[Date "2014.01.06"]
[Round "7.3"]
[White "Drees, Martin"]
[Black "Pidtoptanyy, Igor"]
[Result "1/2-1/2"]
[WhiteElo "1711"]
[BlackElo "1816"]
[PlyCount "21"]
[EventDate "2014.??.??"]
[WhiteTeam "TSV Cadolzburg"]
[BlackTeam "SW Nürnberg Süd"]

1. e4 e6 2. Nf3 d5 3. Nc3 dxe4 4. Nxe4 Nf6 5. Nxf6+ Qxf6 6. d4 h6 7. Be3 Bd6 8.
Bd3 Bd7 9. O-O Bc6 10. Re1 O-O 11. c3 1/2-1/2

[Event "Kreis-Mitte-EM"]
[Site "Zirndorf"]
[Date "2014.01.06"]
[Round "7.4"]
[White "Schlötterer, Hermann"]
[Black "Mantel, Hubert"]
[Result "1-0"]
[WhiteElo "1812"]
[BlackElo "1620"]
[PlyCount "57"]
[EventDate "2014.??.??"]
[WhiteTeam "Zabo-Eintracht Nbg."]
[BlackTeam "Zabo-Eintracht Nbg."]

1. d4 d5 2. g3 e6 3. Bg2 Bd6 4. c4 c6 5. Qc2 f5 6. Nh3 Nf6 7. Nd2 O-O 8. Nf3
Qe8 9. O-O Nbd7 10. Nf4 Ne4 11. h4 h6 12. Nd3 Qe7 13. Bf4 Bxf4 14. Nxf4 Qf7 15.
Rac1 g5 16. Nd3 Qf6 17. e3 Kh8 18. Qe2 Rg8 19. hxg5 hxg5 20. Nfe5 Nxe5 21. Nxe5
Rg7 22. Bxe4 dxe4 23. Kg2 g4 24. Rh1+ Rh7 25. Rxh7+ Kxh7 26. Rh1+ Kg8 27. Qd2
Qg7 28. Qb4 a5 29. Qd6 1-0

[Event "Kreis-Mitte-EM"]
[Site "Zirndorf"]
[Date "2014.01.06"]
[Round "7.5"]
[White "Mantel, Ruben"]
[Black "Süß, Stefan"]
[Result "0-1"]
[WhiteElo "1665"]
[BlackElo "1971"]
[PlyCount "84"]
[EventDate "2014.??.??"]
[WhiteTeam "Zabo-Eintracht Nbg."]
[BlackTeam "SC N-T Nürnberg"]

1. d4 e6 2. Nf3 d5 3. Bf4 Nf6 4. e3 Be7 5. Nbd2 Nbd7 6. Bd3 c5 7. c3 Qb6 8. Rb1
O-O 9. Ne5 Re8 10. h4 Nf8 11. Ndf3 N6d7 12. Ng5 f5 13. Qh5 g6 14. Qf3 Bf6 15.
h5 Nxe5 16. dxe5 Bg7 17. hxg6 hxg6 18. Qh3 Qc7 19. Nf3 Bd7 20. Kd2 Bc6 21. Rbg1
d4 22. exd4 Bxf3 23. gxf3 cxd4 24. cxd4 Rad8 25. Rc1 Qa5+ 26. Rc3 Rxd4 27. Bh6
Qxe5 28. f4 Bxh6 29. Qxh6 Qxf4+ 30. Qxf4 Rxf4 31. Ke3 Rb4 32. b3 Re7 33. Rc8
Kg7 34. Bc4 Rb6 35. Rd1 Nh7 36. Rdd8 Nf6 37. f4 e5 38. Ra8 a6 39. fxe5 Rxe5+
40. Kd4 Re4+ 41. Kd3 Re7 42. Rac8 f4 0-1

[Event "Kreis-Mitte-EM"]
[Site "Zirndorf"]
[Date "2014.01.06"]
[Round "7.7"]
[White "Müller, Lothar"]
[Black "Münzenberg, Dietrich"]
[Result "1-0"]
[WhiteElo "1832"]
[BlackElo "1677"]
[PlyCount "43"]
[EventDate "2014.??.??"]
[WhiteTeam "SC Postbauer-Heng"]
[BlackTeam "Zabo-Eintracht Nbg."]

1. e4 c6 2. d4 d5 3. e5 Bf5 4. c4 dxc4 5. Bxc4 e6 6. Nc3 Bb4 7. Nge2 Nd7 8. O-O
Ne7 9. Ng3 O-O 10. Nce4 Bxe4 11. Nxe4 Nb6 12. Bb3 Ned5 13. Bc2 Be7 14. Qd3 g6
15. a3 f5 16. exf6 Nxf6 17. Ng5 Qd6 18. Nxh7 Kxh7 19. Qxg6+ Kh8 20. Re1 Qxd4
21. Re3 Qg4 22. Rh3+ 1-0

[Event "Kreis-Mitte-EM"]
[Site "Zirndorf"]
[Date "2014.01.06"]
[Round "7.9"]
[White "Thürauf, Peter"]
[Black "Walch, Roger"]
[Result "1-0"]
[WhiteElo "1823"]
[BlackElo "1581"]
[PlyCount "51"]
[EventDate "2014.??.??"]
[WhiteTeam "SW Nürnberg Süd"]
[BlackTeam "SW Nürnberg Süd"]

1. d4 Nf6 2. Nf3 e6 3. c4 c5 4. d5 b5 5. dxe6 fxe6 6. cxb5 Be7 7. e4 O-O 8. Bd3
c4 9. Bc2 Bb7 10. Nc3 Bb4 11. Qe2 d5 12. O-O Bxc3 13. bxc3 dxe4 14. Nd2 Bd5 15.
Nxe4 Nbd7 16. Ba3 Nxe4 17. Bxe4 Rf6 18. Be7 Qxe7 19. Bxd5 Rc8 20. Bxc4 Nb6 21.
Bb3 Kh8 22. Rac1 Rh6 23. Qg4 Rc5 24. Qf4 Nd7 25. Rcd1 Rf5 26. Rxd7 1-0

[Event "Kreis-Mitte-EM"]
[Site "Zirndorf"]
[Date "2014.01.06"]
[Round "7.10"]
[White "Rummel, Gerald"]
[Black "Babichev, Vyacheslav"]
[Result "1-0"]
[WhiteElo "1844"]
[BlackElo "1683"]
[PlyCount "79"]
[EventDate "2014.??.??"]
[WhiteTeam "SC Anderssen Nbg."]
[BlackTeam "SW Nürnberg Süd"]

1. d4 e6 2. e4 b6 3. Bd3 Bb4+ 4. c3 Be7 5. Nf3 c5 6. Qe2 Nf6 7. a3 Qc7 8. Nbd2
O-O 9. e5 Ne8 10. Qe4 f5 11. exf6 Nxf6 12. Qh4 h6 13. Ne5 Nd5 14. Qe4 Rf5 15.
g4 Nf6 16. Qxa8 Rxe5+ 17. dxe5 Bb7 18. exf6 Bxf6 19. Qxa7 Qe5+ 20. Kd1 Bxh1 21.
Kc2 Qxh2 22. Be4 Bxe4+ 23. Nxe4 Be5 24. Qxb6 Qg2 25. Nxc5 Qxg4 26. Be3 Qe2+ 27.
Kb3 Kh7 28. Qb4 Nc6 29. Qe4+ g6 30. Rg1 Qh5 31. Rh1 Qf5 32. Rxh6+ Kg7 33. Qxf5
exf5 34. Nxd7 f4 35. Nxe5 fxe3 36. Rxg6+ Kh7 37. Rxc6 e2 38. Nf3 Kg7 39. Re6
Kf7 40. Rxe2 1-0

[Event "Kreis-Mitte-EM"]
[Site "Zirndorf"]
[Date "2014.01.06"]
[Round "7.11"]
[White "Denninger, David"]
[Black "Hasenöder, Matthias"]
[Result "1/2-1/2"]
[WhiteElo "1521"]
[BlackElo "1541"]
[PlyCount "35"]
[EventDate "2014.??.??"]
[WhiteTeam "TSV Cadolzburg"]
[BlackTeam "Zabo-Eintracht Nbg."]

1. e4 c5 2. Nf3 g6 3. d4 cxd4 4. Qxd4 Nf6 5. e5 Nc6 6. Qc3 Nd5 7. Qd2 Nb6 8.
Bb5 Bg7 9. Bxc6 bxc6 10. O-O O-O 11. b3 d5 12. Bb2 c5 13. Nc3 Bb7 14. Rfe1 a6
15. Ba3 Qc7 16. Rad1 Rfd8 17. Qf4 d4 18. Ne4 1/2-1/2

[Event "Kreis-Mitte-EM"]
[Site "Zirndorf"]
[Date "2014.01.06"]
[Round "7.12"]
[White "Schwegler, Benjamin"]
[Black "Schanz, Karlheinz"]
[Result "1/2-1/2"]
[WhiteElo "1697"]
[BlackElo "1736"]
[PlyCount "90"]
[EventDate "2014.??.??"]
[WhiteTeam "Zabo-Eintracht Nbg."]
[BlackTeam "SC Mühlhof-R'dorf"]

1. e4 d5 2. d4 e6 3. exd5 exd5 4. Bd3 Bd6 5. Nf3 Nf6 6. O-O O-O 7. Bg5 Bg4 8.
Nbd2 Nbd7 9. c3 c6 10. Qc2 Qc7 11. Rae1 Rfe8 12. h3 Bh5 13. Nh4 Bf4 14. Ndf3
Bxf3 15. Nxf3 Bxg5 16. Nxg5 h6 17. Rxe8+ Nxe8 18. Nf3 Nef6 19. Re1 Re8 20.
Rxe8+ Nxe8 21. Qe2 Kf8 22. Nh4 Qf4 23. Nf5 Qg5 24. h4 Qf6 25. g3 Nd6 26. Ne3
Qe7 27. Qh5 Nf6 28. Qe5 Nd7 29. Qh5 Nf6 30. Qe5 Nfe4 31. Qxe7+ Kxe7 32. Bxe4
dxe4 33. c4 g6 34. g4 Kf6 35. Kg2 Ke6 36. Kg3 f5 37. Kf4 fxg4 38. c5 Nf5 39.
Kxe4 Nxh4 40. Nxg4 Nf5 41. f4 h5 42. Ne5 Ne7 43. Nf3 Kf6 44. Ng5 Kg7 45. Ke5
Nd5 1/2-1/2

[Event "Kreis-Mitte-EM"]
[Site "Zirndorf"]
[Date "2014.01.06"]
[Round "7.13"]
[White "Pörzgen, Michael"]
[Black "Stohl, Peter"]
[Result "1/2-1/2"]
[WhiteElo "1586"]
[BlackElo "1622"]
[PlyCount "73"]
[EventDate "2014.??.??"]
[WhiteTeam "SW Nürnberg Süd"]
[BlackTeam "SK Schwabach 1907"]

1. e4 d6 2. d4 g6 3. Nf3 Bg7 4. Be2 c6 5. O-O Bg4 6. c3 Nd7 7. Qb3 Qb6 8. Nbd2
e6 9. Qa3 Qc7 10. Nc4 Bf8 11. Ne3 h5 12. b4 Ngf6 13. Nxg4 hxg4 14. Ng5 d5 15.
e5 Nxe5 16. g3 Ned7 17. f3 Bd6 18. f4 Ke7 19. c4 dxc4 20. Bxc4 Qb6 21. Qe3 Nd5
22. Bxd5 cxd5 23. a3 Bc7 24. Re1 Nf8 25. Ra2 Re8 26. Rc2 Rg8 27. b5 Rg7 28. Bd2
Kd7 29. Bb4 Bd6 30. Bc5 Bxc5 31. dxc5 Qxb5 32. Qe5 Rg8 33. Nxf7 Re7 34. Qd6+
Kc8 35. Ne5 Qa5 36. Rec1 Qc7 37. Rb1 1/2-1/2

[Event "Kreis-Mitte-EM"]
[Site "Zirndorf"]
[Date "2014.01.06"]
[Round "7.15"]
[White "Nüßlein, Christian"]
[Black "Ratscheu, Stefan"]
[Result "0-1"]
[WhiteElo "1677"]
[BlackElo "1552"]
[PlyCount "60"]
[EventDate "2014.??.??"]
[WhiteTeam "SGem Nürnberg 1978"]
[BlackTeam "SC Postbauer-Heng"]

1. b4 d5 2. Bb2 Nf6 3. e3 Bf5 4. c4 e6 5. b5 c6 6. a4 Be7 7. Be2 Bg6 8. Nf3 O-O
9. O-O h6 10. d3 Nbd7 11. Nbd2 Bd6 12. Qc2 Rc8 13. Rfc1 c5 14. cxd5 exd5 15.
Ba3 Qe7 16. Qb3 Rfe8 17. Bf1 Qe6 18. Rc3 Ng4 19. Rac1 Nxf2 20. Re1 Ng4 21. e4
dxe4 22. Qxe6 Rxe6 23. dxe4 Bf4 24. g3 Bxd2 25. Nxd2 b6 26. Bg2 Ngf6 27. Rd3
Ne5 28. Rb3 Rd8 29. Re2 Bh5 30. Nf3 Rd1+ 0-1

[Event "Kreis-Mitte-EM"]
[Site "Zirndorf"]
[Date "2014.01.06"]
[Round "7.16"]
[White "Gesellchen, Bernhard"]
[Black "Held, Werner"]
[Result "1-0"]
[WhiteElo "1474"]
[BlackElo "1269"]
[PlyCount "41"]
[EventDate "2014.??.??"]
[WhiteTeam "SC Postbauer-Heng"]
[BlackTeam "Zabo-Eintracht Nbg."]

1. e4 e5 2. Nf3 d6 3. Nc3 b6 4. d4 Nd7 5. Bb5 Ngf6 6. dxe5 dxe5 7. Nxe5 Bd6 8.
Nc6 O-O 9. Nxd8 Rxd8 10. Bg5 Bb7 11. Bxd7 Rxd7 12. Bxf6 gxf6 13. Qg4+ Kf8 14.
Qxd7 Re8 15. f3 Bc8 16. Qc6 f5 17. O-O-O Re6 18. Qa8 Re8 19. Rhe1 fxe4 20. Rxe4
Be6 21. Qxa7 1-0

[Event "Kreis-Mitte-EM"]
[Site "Zirndorf"]
[Date "2014.01.06"]
[Round "7.17"]
[White "Chowdhury, Sandip"]
[Black "Albayrak, Aylin"]
[Result "0-1"]
[WhiteElo "1250"]
[BlackElo "1467"]
[PlyCount "62"]
[EventDate "2014.??.??"]
[WhiteTeam "SC N-T Nürnberg"]
[BlackTeam "Zabo-Eintracht Nbg."]

1. e4 e5 2. Nf3 Nf6 3. d3 Nc6 4. g3 d5 5. Nbd2 Bg4 6. Bg2 Bc5 7. O-O Qd7 8. Re1
O-O 9. c3 Rad8 10. Qb3 Na5 11. Nxe5 Qe8 12. Qc2 Qxe5 13. d4 Bxd4 14. cxd4 Qxd4
15. Qxc7 Qb4 16. a3 Qa4 17. Qf4 Rfe8 18. b4 Nc4 19. Nxc4 dxc4 20. e5 Rd1 21.
Be3 Nd7 22. Qxg4 Rxe1+ 23. Rxe1 Nxe5 24. Qh5 g6 25. Qg5 Qd7 26. Bd2 Qd4 27. Qf4
Qb2 28. Be3 Nd3 29. Qh4 Nxe1 30. Bd4 Qc1 31. Qh6 Nf3# 0-1

[Event "Kreis-Mitte-EM"]
[Site "Zirndorf"]
[Date "2014.01.06"]
[Round "7.18"]
[White "Stohl, Tristan"]
[Black "Nagel, Felix"]
[Result "1-0"]
[WhiteElo "1375"]
[BlackElo "1585"]
[PlyCount "37"]
[EventDate "2014.??.??"]
[WhiteTeam "SK Schwabach 1907"]
[BlackTeam "SC Anderssen Nbg."]

1. f4 e5 2. fxe5 d6 3. Nf3 Nc6 4. e3 dxe5 5. Bb5 Bd6 6. Nc3 Bd7 7. b3 a6 8. Bd3
Nf6 9. Bb2 O-O 10. O-O Re8 11. Ne4 Nxe4 12. Bxe4 Qc8 13. Ng5 f5 14. Qh5 h6 15.
Bd5+ Be6 16. Bxe6+ Rxe6 17. Qf7+ Kh8 18. Nxe6 Qe8 19. Qxg7# 1-0